[Event "ESP-ch U16 rapid"]
[Site "Salobrena"]
[Date "2023.07.30"]
[Round "7"]
[White "Pinyol I Llora, Julia"]
[Black "Garcia Vives, Joan"]
[Result "1/2-1/2"]
[WhiteElo "1727"]
[BlackElo "1493"]
[PlyCount "124"]
[EventDate "2023.07.29"]
[EventType "swiss (rapid)"]
[EventRounds "9"]
[EventCountry "ESP"]
[SourceTitle "EXT 2024"]
[Source "ChessBase"]
[SourceDate "2023.10.10"]
[SourceVersion "1"]
[SourceVersionDate "2023.10.10"]
[SourceQuality "1"]

1. d4 d5 2. c4 e6 3. Nf3 Nf6 4. g3 Be7 5. Bg2 0-0 6. 0-0 dxc4 7. Qc2 a6 8. a4 Bd7 9. Qxc4 Bc6 10. Bf4 Bd6 11. Qc1 Bxf4 12. Qxf4 Qd6 13. Qxd6 cxd6 14. Nc3 Nbd7 15. Rfe1 Ne4 16. Nxe4 Bxe4 17. Nd2 Bxg2 18. Kxg2 d5 19. Rac1 Rfc8 20. Nb3 b6 21. Nd2 Kf8 22. Kf3 Ke7 23. Ke3 Nf6 24. h3 Ne8 25. Kd3 Nd6 26. f3 Rxc1 27. Rxc1 Rc8 28. Rxc8 Nxc8 29. e4 Nd6 30. Nb1 Nc4 31. b3 Na5 32. Kc2 Nc6 33. Kc3 f6 34. Nd2 Kd6 35. Nf1 e5 36. dxe5+ Kxe5 37. exd5 Kxd5 38. Ne3+ Ke6 39. f4 b5 40. axb5 axb5 41. Kd3 g6 42. Ke4 f5+ 43. Kd3 Kd6 44. g4 fxg4 45. hxg4 Ne7 46. Kd4 h5 47. gxh5 gxh5 48. Ke4 Ke6 49. Nc2 Nf5 50. Na3 Nd6+ 51. Kd4 b4 52. Nc2 Kf5 53. Ke3 h4 54. Nxb4 h3 55. Kf3 h2 56. Kg2 Kxf4 57. Kxh2 Ke4 58. Kg2 Kd4 59. Nc6+ Kc5 60. Na5 Kb4 61. Kf3 Kxa5 62. Ke3 Kb4 1/2-1/2

[Event "ESP-ch U16 Rapid"]
[Site "Salobrena"]
[Date "2022.07.30"]
[Round "1"]
[White "Cernadas Camean, David"]
[Black "Garcia Vives, Joan"]
[Result "1/2-1/2"]
[WhiteElo "1760"]
[BlackElo "1394"]
[PlyCount "148"]
[EventDate "2022.07.30"]
[EventType "swiss (rapid)"]
[EventRounds "9"]
[EventCountry "ESP"]
[SourceTitle "EXT 2023"]
[Source "ChessBase"]
[SourceDate "2022.10.05"]
[SourceVersion "1"]
[SourceVersionDate "2022.10.05"]
[SourceQuality "1"]

1. e4 c5 2. Nf3 e6 3. d3 Nc6 4. g3 d6 5. Bg2 Nf6 6. 0-0 Be7 7. c3 0-0 8. Re1 b5 9. d4 cxd4 10. cxd4 d5 11. e5 Nd7 12. Nc3 a6 13. Bf4 Nb6 14. Rc1 Bb7 15. Ne2 Rc8 16. g4 Bb4 17. Rf1 Qd7 18. Qd3 Be7 19. Bg5 h6 20. Bxe7 Qxe7 21. Ng3 Rc7 22. h4 g6 23. a3 Rfc8 24. Qd2 Kg7 25. Rc5 Nxd4 26. Rxc7 Nxf3+ 27. Bxf3 Qxc7 28. Qf4 Qe7 29. g5 hxg5 30. hxg5 Rc4 31. Qd2 Nd7 32. Be2 Rc6 33. f4 Qc5+ 34. Kg2 Qc2 35. Qe3 Qc5 36. Qf3 d4 37. Ne4 Rc7 38. Rh1 Bxe4 39. Qxe4 Qc6 40. Qxc6 Rxc6 41. Rd1 Rc2 42. Kf3 Rxb2 43. Rxd4 Rb3+ 44. Kf2 Nc5 45. a4 Nxa4 46. Rd6 Rb2 47. Kf3 Nc3 48. Bd3 a5 49. Rb6 b4 50. Rb7 Nd5 51. Bc4 Rd2 52. Ra7 Rc2 53. Bxd5 exd5 54. Rxa5 b3 55. Rxd5 b2 56. Rb5 Rc3+ 57. Ke2 Rc4 58. Ke3 Rc3+ 59. Kd4 Rf3 60. Ke4 Rf2 61. Rb7 Re2+ 62. Kf3 Rc2 63. Ke3 Kf8 64. Kd3 Rf2 65. Ke3 Rc2 66. Rb8+ Ke7 67. Rb7+ Ke6 68. Kf3 Rc3+ 69. Ke4 Rc4+ 70. Ke3 Rc3+ 71. Kd4 Rf3 72. Ke4 Rf2 73. Rb6+ Ke7 74. Rb7+ Ke6 1/2-1/2